00280nam a22000977a 4500082001200000100001900012245006700031260004100098650001500139700002800154 a220 PRO aMurtaza Sabeeh aPR-SOF-1897-GSM Based Smart Energy Meter Billing using Arduino aISLAMABADbNUST COLLEGE OF EMEc2020 aDE-COMP-38 aDr. Shahzad Amin Sheikh